Jeden sąsiad danego kraju! #1 - Statystyki

Ogólne statystyki
  • Ten quiz został rozwiązany 2 122 razy
  • Średni wynik to 13 z 15
Statystyki odpowiedzi
Państwo Sąsiad % Poprawnych
Francja Belgia | Luksemburg | Niemcy | Szwajcaria | Włochy | Andora | Hiszpania | Brazylia | Surinam | Holandia | Monako
100%
Polska Niemcy | Czechy | Słowacja | Ukraina | Białoruś | Litwa | Rosja
100%
Argentyna Chile | Boliwia | Paragwaj | Brazylia | Urugwaj
99%
Wielka Brytania Irlandia
99%
Stany Zjednoczone Kanada | Meksyk
99%
Norwegia Szwecja | Finlandia | Rosja
99%
Czarnogóra Chorwacja | Bośnia i Hercegowina | Serbia | Kosowo | Albania
97%
Algieria Maroko | Mauretania | Mali | Niger | Libia | Tunezja
94%
Turkmenistan Afganistan | Iran | Kazachstan | Uzbekistan
90%
Kuwejt Irak | Arabia Saudyjska
83%
Indonezja Malezja | Timor Wschodni | Papua-Nowa Gwinea
82%
Somalia Dżibuti | Etiopia | Kenia
79%
Republika Południowej Afryki Lesotho | Eswatini | Mozambik | Zimbabwe | Botswana | Namibia
79%
Burkina Faso Benin | Ghana | Mali | Niger | Togo | Wybrzeże Kości Słoniowej
76%
Salwador Gwatemala | Honduras
70%
Nie znaleziono quizów pasujących do podanych kryteriów
Rozkład punktacji
Procent ludzi z każdym wynikiem
Percentyl według liczby udzielonych odpowiedzi
Twoja historia wyników
Nie rozwiązałeś tego quizu